[Event "HUN-chT2 Barcza 1718"]
[Site "Hungary"]
[Date "2017.12.03"]
[Round "5.10"]
[White "Hajdo, Hanna"]
[Black "Horvath, Kristof"]
[Result "0-1"]
[WhiteElo "1713"]
[BlackElo "2022"]
[PlyCount "62"]
[EventDate "2017.09.24"]
[EventType "team-tourn"]
[EventRounds "11"]
[EventCountry "HUN"]
[SourceTitle "EXT 2021"]
[Source "ChessBase"]
[SourceDate "2020.10.23"]
[SourceVersion "1"]
[SourceVersionDate "2020.10.23"]
[SourceQuality "1"]
[WhiteTeam "Hajduszoboszlo"]
[BlackTeam "Lillafured DVTK II"]
[WhiteTeamCountry "HUN"]
[BlackTeamCountry "HUN"]

1. d4 d5 2. Nf3 e6 3. e3 c5 4. b3 Nc6 5. Bb2 Nf6 6. Nbd2 Bd6 7. Bd3 0-0 8. a3 Re8 9. 0-0 e5 10. dxc5 Bxc5 11. b4 Bd6 12. Be2 a6 13. c4 e4 14. Nd4 Be5 15. N2b3 Qc7 16. cxd5 Bxh2+ 17. Kh1 Nxd5 18. Nxc6 bxc6 19. Rc1 Re6 20. Bd4 Rh6 21. f4 Bxf4+ 22. Bh5 Bxe3 23. Qe2 Bxd4 24. Nxd4 Qe5 25. Kg1 Rxh5 26. Nxc6 Qh2+ 27. Kf2 e3+ 28. Ke1 Qg3+ 29. Kd1 Bg4 30. Rf3 Bxf3 31. gxf3 Rh1+ 0-1

[Event "HUN-chT2 Barcza 1718"]
[Site "Hungary"]
[Date "2017.10.29"]
[Round "3"]
[White "Hajdo, Hanna"]
[Black "Galko, Tibor"]
[Result "0-1"]
[WhiteElo "1713"]
[BlackElo "1901"]
[PlyCount "92"]
[EventDate "2017.09.24"]
[EventType "team-tourn"]
[EventRounds "11"]
[EventCountry "HUN"]
[SourceTitle "EXT 2021"]
[Source "ChessBase"]
[SourceDate "2020.10.23"]
[SourceVersion "1"]
[SourceVersionDate "2020.10.23"]
[SourceQuality "1"]
[WhiteTeam "Hajduszoboszlo"]
[BlackTeam "Edeleny"]
[WhiteTeamCountry "HUN"]
[BlackTeamCountry "HUN"]

1. d4 d5 2. Nf3 Nf6 3. e3 c6 4. c4 e6 5. Nc3 Nbd7 6. Bd3 dxc4 7. Bxc4 b5 8. Bd3 a6 9. 0-0 c5 10. b3 Bb7 11. Bb2 cxd4 12. Nxd4 Nc5 13. Be2 Be7 14. Rc1 Qb6 15. b4 Nce4 16. a3 Rd8 17. Qc2 Rc8 18. Qb3 Nd2 19. Qd1 Nxf1 20. Kxf1 0-0 21. Rc2 Rfd8 22. Rd2 Qd6 23. Kg1 Ne4 24. Nxe4 Bxe4 25. Bf3 Bxf3 26. Nxf3 Qc7 27. Nd4 Bf6 28. h3 Bxd4 29. exd4 Rd5 30. Qg4 a5 31. Rd1 axb4 32. axb4 Qd6 33. Rd3 h6 34. Bc3 Rg5 35. Qd1 Qd5 36. g3 Qc4 37. Qf3 Rf5 38. Qe3 Ra8 39. g4 Rd5 40. h4 Ra2 41. g5 hxg5 42. hxg5 Rf5 43. Bd2 Ra1+ 44. Kh2 Rxf2+ 45. Qxf2 Qxd3 46. Qf4 Qe2+ 0-1

[Event "HUN-chT2 Barcza 1718"]
[Site "Hungary"]
[Date "2017.09.24"]
[Round "1.10"]
[White "Hajdo, Hanna"]
[Black "Timar, Jozsef"]
[Result "1-0"]
[WhiteElo "1713"]
[BlackElo "1795"]
[PlyCount "51"]
[EventDate "2017.09.24"]
[EventType "team-tourn"]
[EventRounds "11"]
[EventCountry "HUN"]
[SourceTitle "EXT 2021"]
[Source "ChessBase"]
[SourceDate "2020.10.23"]
[SourceVersion "1"]
[SourceVersionDate "2020.10.23"]
[SourceQuality "1"]
[WhiteTeam "Hajduszoboszlo"]
[BlackTeam "Bajnok Sakkiskola"]
[WhiteTeamCountry "HUN"]
[BlackTeamCountry "HUN"]

1. d4 Nf6 2. Nf3 e6 3. Nbd2 Be7 4. b3 d5 5. e3 0-0 6. Bd3 b6 7. 0-0 Bb7 8. Bb2 Nbd7 9. Re1 c5 10. Rc1 Rc8 11. c4 Ne4 12. cxd5 Nxd2 13. Qxd2 Bxd5 14. Qe2 Bd6 15. Bc4 Bb7 16. Red1 Qc7 17. h3 Qb8 18. Ng5 Rce8 19. Bb5 Re7 20. Bxd7 Rxd7 21. dxc5 bxc5 22. Rxc5 Ba6 23. Qc2 Bh2+ 24. Kh1 Rxd1+ 25. Qxd1 Rd8 26. Qh5 1-0

[Event "HUN-chT2 Barcza 1617"]
[Site "Hungary"]
[Date "2017.02.12"]
[Round "8.12"]
[White "Hajdo, Hanna"]
[Black "Blahota, Marcell"]
[Result "1/2-1/2"]
[WhiteElo "1558"]
[BlackElo "1644"]
[PlyCount "107"]
[EventDate "2016.09.25"]
[EventType "team-tourn"]
[EventRounds "11"]
[EventCountry "HUN"]
[SourceTitle "EXT 2021"]
[Source "ChessBase"]
[SourceDate "2020.10.23"]
[SourceVersion "1"]
[SourceVersionDate "2020.10.23"]
[SourceQuality "1"]
[WhiteTeam "Hajduszoboszlo"]
[BlackTeam "Nyiregyhaza SISE"]
[WhiteTeamCountry "HUN"]
[BlackTeamCountry "HUN"]

1. d4 Nf6 2. Bf4 d5 3. Nf3 Bf5 4. e3 e6 5. c4 Bd6 6. Bxd6 Qxd6 7. Nc3 0-0 8. c5 Qd8 9. Be2 Nc6 10. a3 a6 11. 0-0 Re8 12. Bd3 Bxd3 13. Qxd3 e5 14. dxe5 Nxe5 15. Nxe5 Rxe5 16. Rad1 c6 17. b4 Qe7 18. Ne2 Ng4 19. Nd4 g6 20. Nf3 Rh5 21. h3 Ne5 22. Nxe5 Rxe5 23. Qd4 Re4 24. Qb2 Rd8 25. Rd4 f5 26. Rfd1 Qe5 27. R1d2 Rxd4 28. Qxd4 Qxd4 29. exd4 Re8 30. Kf1 Kf7 31. Re2 Re4 32. Rd2 Kf6 33. Rd3 f4 34. g3 Kf5 35. f3 Re7 36. Kf2 h6 37. h4 h5 38. Rb3 fxg3+ 39. Kxg3 Re2 40. Rd3 g5 41. Kh3 gxh4 42. Kxh4 Kf4 43. Kxh5 Rg2 44. Rd1 Kxf3 45. Rf1+ Rf2 46. Re1 Re2 47. Rf1+ Ke3 48. Rf7 Kxd4 49. Rxb7 Kc4 50. Rc7 Re6 51. Kg4 Kb5 52. Kf5 Re1 53. Rb7+ Kc4 54. Rc7 1/2-1/2

[Event "HUN-chT2 Barcza 1415"]
[Site "Hungary"]
[Date "2015.04.26"]
[Round "11.12"]
[White "Csontos, Dominik"]
[Black "Hajdo, Hanna"]
[Result "1/2-1/2"]
[WhiteElo "1570"]
[BlackElo "1504"]
[PlyCount "51"]
[EventDate "2014.09.07"]
[EventType "team-tourn"]
[EventRounds "11"]
[EventCountry "HUN"]
[SourceTitle "EXT 2016"]
[Source "ChessBase"]
[SourceDate "2015.10.08"]
[SourceVersion "1"]
[SourceVersionDate "2015.10.08"]
[SourceQuality "1"]
[WhiteTeam "Mezokovesd"]
[BlackTeam "Hajduszoboszlo"]
[WhiteTeamCountry "HUN"]
[BlackTeamCountry "HUN"]

1. e4 e6 2. d4 b6 3. Nf3 Bb7 4. Bd3 Nf6 5. Bg5 h6 6. Bxf6 Qxf6 7. Nbd2 d5 8. e5 Qd8 9. 0-0 Be7 10. c3 0-0 11. Qe2 Nd7 12. Ne1 c5 13. f4 a6 14. Qg4 c4 15. Bc2 Bc8 16. Rf3 f5 17. Qg6 Nb8 18. Rg3 Rf7 19. Rh3 Kf8 20. Nef3 Qe8 21. Qh7 Bd8 22. Nh4 Bxh4 23. Rxh4 Ke7 24. Qg6 Kd8 25. Rf1 Re7 26. Qxe8+ 1/2-1/2

[Event "Hajduszoboszlo op 19th"]
[Site "Hajduszoboszlo"]
[Date "2014.06.29"]
[Round "7"]
[White "Botos, Jozsef"]
[Black "Hajdo, Hanna"]
[Result "1-0"]
[WhiteElo "1886"]
[BlackElo "1450"]
[PlyCount "105"]
[EventDate "2014.06.25"]
[EventType "swiss"]
[EventRounds "7"]
[EventCountry "HUN"]
[SourceTitle "CBM 161 Extra"]
[Source "ChessBase"]
[SourceDate "2014.08.29"]
[SourceVersion "1"]
[SourceVersionDate "2014.08.29"]
[SourceQuality "1"]

1. d4 g6 2. e4 Bg7 3. Nf3 d6 4. Bd3 Nf6 5. 0-0 0-0 6. Bg5 c5 7. c3 Nc6 8. d5 Nb8 9. Nbd2 e6 10. c4 h6 11. Bh4 exd5 12. exd5 Nbd7 13. Re1 Re8 14. Qc2 Rxe1+ 15. Rxe1 Qf8 16. h3 b6 17. Ne4 Nxe4 18. Bxe4 Nf6 19. Bxf6 Bxf6 20. Bxg6 fxg6 21. Qxg6+ Bg7 22. Re8 Bf5 23. Rxf8+ Rxf8 24. Qxd6 Rf7 25. Ne5 Bxe5 26. Qxe5 Bb1 27. d6 Bf5 28. g4 Bd7 29. f4 Rg7 30. Kf2 Bc6 31. Qe6+ Kh7 32. Qf5+ Rg6 33. d7 Bxd7 34. Qxd7+ Rg7 35. Qf5+ Rg6 36. h4 Kg7 37. Kg3 Rf6 38. Qe5 Kf7 39. Qc7+ Kg8 40. g5 hxg5 41. hxg5 Rf7 42. Qd8+ Rf8 43. Qd5+ Kg7 44. f5 Re8 45. Kg4 a6 46. Qd7+ Kf8 47. f6 Re1 48. Kf5 Rf1+ 49. Kg6 Re1 50. Qg7+ Ke8 51. f7+ Kd7 52. f8Q+ Ke6 53. Qge7# 1-0

[Event "Hajduszoboszlo op 19th"]
[Site "Hajduszoboszlo"]
[Date "2014.06.28"]
[Round "6"]
[White "Hajdo, Hanna"]
[Black "Venter, Mate"]
[Result "1-0"]
[WhiteElo "1450"]
[BlackElo "1334"]
[PlyCount "69"]
[EventDate "2014.06.25"]
[EventType "swiss"]
[EventRounds "7"]
[EventCountry "HUN"]
[SourceTitle "CBM 161 Extra"]
[Source "ChessBase"]
[SourceDate "2014.08.29"]
[SourceVersion "1"]
[SourceVersionDate "2014.08.29"]
[SourceQuality "1"]

1. d4 d5 2. Nf3 e6 3. e3 Nf6 4. Bd3 Nbd7 5. b3 c5 6. Bb2 Bd6 7. Nbd2 0-0 8. 0-0 Re8 9. Ne5 Qc7 10. f4 h6 11. Rf3 cxd4 12. exd4 Qb6 13. Kh1 Nh5 14. g4 Nhf6 15. Rh3 Kf8 16. g5 hxg5 17. fxg5 Ng8 18. Qf3 Nxe5 19. dxe5 Bb8 20. Ba3+ Re7 21. Rf1 Ke8 22. Bxe7 Nxe7 23. Qxf7+ Kd7 24. Qxg7 Qb4 25. c3 Qxc3 26. Bb5+ Qc6 27. Bxc6+ bxc6 28. Rh7 Kc7 29. Qxe7+ Kb6 30. Qb4+ Ka6 31. Qa4+ Kb6 32. b4 Bc7 33. Qa5+ Kb7 34. Qxc7+ Ka6 35. Qa5# 1-0

[Event "Hajduszoboszlo op 19th"]
[Site "Hajduszoboszlo"]
[Date "2014.06.28"]
[Round "5"]
[White "Somogyi, Gabor"]
[Black "Hajdo, Hanna"]
[Result "1-0"]
[WhiteElo "1975"]
[BlackElo "1450"]
[PlyCount "63"]
[EventDate "2014.06.25"]
[EventType "swiss"]
[EventRounds "7"]
[EventCountry "HUN"]
[SourceTitle "CBM 161 Extra"]
[Source "ChessBase"]
[SourceDate "2014.08.29"]
[SourceVersion "1"]
[SourceVersionDate "2014.08.29"]
[SourceQuality "1"]

1. c4 b6 2. d4 Bb7 3. Nc3 e6 4. e4 Bb4 5. Bd3 Nf6 6. Qe2 d5 7. cxd5 exd5 8. e5 Ne4 9. Bxe4 dxe4 10. Be3 a6 11. Qg4 Rg8 12. Nge2 Qd7 13. Qh5 h6 14. 0-0 Bxc3 15. Nxc3 Nc6 16. Rfd1 Nb4 17. a3 Nd3 18. Rd2 Qe7 19. f3 c5 20. Nxe4 Bxe4 21. fxe4 cxd4 22. Rxd3 dxe3 23. Rad1 Qc5 24. Qe2 Qxe5 25. Qxe3 Qxb2 26. e5 Qb5 27. e6 Qc5 28. Rd4 f6 29. Qe4 Ke7 30. Qb7+ Kxe6 31. Qd7+ Ke5 32. Re1# 1-0

[Event "HUN-chT2 Barcza 1314"]
[Site "Hungary"]
[Date "2014.04.27"]
[Round "11"]
[White "Hajdo, Hanna"]
[Black "Baranyai, Antal"]
[Result "0-1"]
[WhiteElo "1452"]
[BlackElo "1560"]
[PlyCount "110"]
[EventDate "2013.09.08"]
[EventType "team-tourn"]
[EventRounds "11"]
[EventCountry "HUN"]
[SourceTitle "EXT 2016"]
[Source "ChessBase"]
[SourceDate "2015.10.08"]
[SourceVersion "1"]
[SourceVersionDate "2015.10.08"]
[SourceQuality "1"]
[WhiteTeam "Hajduszoboszlo"]
[BlackTeam "Nadudvar"]
[WhiteTeamCountry "HUN"]
[BlackTeamCountry "HUN"]

1. d4 Nf6 2. Nf3 d5 3. e3 c6 4. Bd3 Bg4 5. c4 e6 6. h3 Bh5 7. 0-0 Nbd7 8. c5 b5 9. b4 Ne4 10. Bb2 f5 11. Be2 Be7 12. Ne5 Bxe2 13. Qxe2 Nxe5 14. dxe5 0-0 15. Nd2 Nxd2 16. Qxd2 a5 17. a3 a4 18. Qe2 Qe8 19. Bc3 Qg6 20. Bd2 Rf7 21. Rad1 h5 22. Kh1 Qh7 23. f4 Raf8 24. Kg1 g5 25. Be1 Rg7 26. Qf3 Kf7 27. fxg5 Bxg5 28. e4 Ke8 29. exf5 Rxf5 30. Qe2 Rgf7 31. Rxf5 Rxf5 32. Bg3 Qf7 33. Re1 Bf4 34. Bxf4 Rxf4 35. Rd1 Re4 36. Qf2 Qxf2+ 37. Kxf2 Rxe5 38. Rd3 Kf7 39. Rg3 Rf5+ 40. Ke2 e5 41. Re3 e4 42. Ke1 h4 43. Re2 Ke6 44. Re3 Ke5 45. Re2 d4 46. Kd2 e3+ 47. Ke1 Ke4 48. g3 hxg3 49. Rg2 Rg5 50. h4 Rg4 51. h5 d3 52. h6 Rh4 53. Rg1 Rxh6 54. Rf1 g2 55. Rg1 Rh1 0-1

[Event "HUN-chT2 Maroczy 1213"]
[Site "Hungary"]
[Date "2013.04.07"]
[Round "10"]
[White "Hajdo, Hanna"]
[Black "Dalanics, Nikoletta"]
[Result "1/2-1/2"]
[WhiteElo "1404"]
[BlackElo "1550"]
[PlyCount "22"]
[EventDate "2012.09.16"]
[EventType "team-tourn"]
[EventRounds "11"]
[EventCountry "HUN"]
[SourceTitle "EXT 2014"]
[Source "ChessBase"]
[SourceDate "2013.11.20"]
[SourceVersion "1"]
[SourceVersionDate "2013.11.20"]
[SourceQuality "1"]
[WhiteTeam "Hajduszoboszlo"]
[BlackTeam "Kisvarda"]
[WhiteTeamCountry "HUN"]
[BlackTeamCountry "HUN"]

1. d4 d5 2. Nf3 Nc6 3. c4 e6 4. a3 Nf6 5. Nc3 Be7 6. e3 0-0 7. Bd3 Na5 8. c5 Nc6 9. b4 a6 10. 0-0 Nb8 11. Bc2 c6 1/2-1/2

[Event "HUN-chT2 Maroczy 1213"]
[Site "Hungary"]
[Date "2013.02.17"]
[Round "7"]
[White "Hajdo, Hanna"]
[Black "Marjanovics, Gyorgy"]
[Result "0-1"]
[WhiteElo "1420"]
[BlackElo "2125"]
[PlyCount "166"]
[EventDate "2012.09.16"]
[EventType "team-tourn"]
[EventRounds "11"]
[EventCountry "HUN"]
[SourceTitle "EXT 2014"]
[Source "ChessBase"]
[SourceDate "2013.11.20"]
[SourceVersion "1"]
[SourceVersionDate "2013.11.20"]
[SourceQuality "1"]
[WhiteTeam "Hajduszoboszlo"]
[BlackTeam "Maroczy"]
[WhiteTeamCountry "HUN"]
[BlackTeamCountry "HUN"]

1. d4 Nf6 2. c4 e6 3. Nf3 b6 4. g3 Ba6 5. b3 Bb4+ 6. Bd2 Be7 7. Nc3 0-0 8. Bg2 Bb7 9. 0-0 d6 10. Qc2 Nbd7 11. e4 e5 12. dxe5 dxe5 13. Nd5 Bd6 14. Bg5 h6 15. Be3 a5 16. Nh4 Nc5 17. Nf5 Bc8 18. Nxd6 Qxd6 19. Rad1 Nfd7 20. Qe2 Bb7 21. Qd2 Rfe8 22. Rfe1 Bxd5 23. Qxd5 Qxd5 24. cxd5 Na6 25. Rc1 Ra7 26. Bh3 Nf6 27. Bg2 a4 28. Bd2 Nc5 29. Rc3 axb3 30. axb3 Ra2 31. Bc1 Rea8 32. b4 Na6 33. h3 Ne8 34. Rb3 Nd6 35. Be3 Nc4 36. Bc1 b5 37. Bf1 Ra4 38. Bxc4 bxc4 39. Rc3 Rxb4 40. Be3 c6 41. dxc6 Rc8 42. Rec1 Rxc6 43. Kf1 Nc7 44. Ke2 Nb5 45. R3c2 Nd4+ 46. Bxd4 exd4 47. Rd2 Rd6 48. e5 Rd5 49. f4 Rd8 50. Kf3 Rb3+ 51. Kf2 Rb4 52. Kf3 Kf8 53. Ke4 d3 54. Rc3 Ke7 55. f5 g6 56. g4 h5 57. Kf4 hxg4 58. hxg4 Rd4+ 59. Kf3 Rb5 60. Ke3 Rxg4 61. fxg6 fxg6 62. Kf3 Rh4 63. Kg3 Rd4 64. Kf3 Rxe5 65. Rc1 Kf6 66. Kg3 Kg5 67. Kf3 Rf4+ 68. Kg3 Re3+ 69. Kg2 Kg4 70. Kh2 Rg3 71. Kh1 Kf3 72. Rf1+ Ke3 73. Rfd1 Rh4+ 74. Rh2 Rxh2+ 75. Kxh2 Rg5 76. Kh3 c3 77. Kh4 Rf5 78. Kg4 d2 79. Kg3 c2 80. Rh1 d1Q 81. Rxd1 cxd1Q 82. Kg2 Qg4+ 83. Kh2 Rh5# 0-1

[Event "HUN-chT2 Maroczy 1213"]
[Site "Hungary"]
[Date "2012.11.04"]
[Round "3"]
[White "Hajdo, Hanna"]
[Black "Adzic, Anna"]
[Result "0-1"]
[WhiteElo "1382"]
[BlackElo "1579"]
[PlyCount "84"]
[EventDate "2012.09.16"]
[EventType "team-tourn"]
[EventRounds "11"]
[EventCountry "HUN"]
[SourceTitle "EXT 2014"]
[Source "ChessBase"]
[SourceDate "2013.11.20"]
[SourceVersion "1"]
[SourceVersionDate "2013.11.20"]
[SourceQuality "1"]
[WhiteTeam "Hajduszoboszlo"]
[BlackTeam "Roeszke"]
[WhiteTeamCountry "HUN"]
[BlackTeamCountry "HUN"]

1. d4 d5 2. e3 e6 3. c4 Nf6 4. Nf3 Be7 5. Nc3 0-0 6. g3 dxc4 7. Bxc4 c5 8. dxc5 Qc7 9. 0-0 Qxc5 10. Qd4 Qf5 11. Bd3 Qxf3 12. Be2 Qf5 13. Bd3 Qh3 14. Qh4 Qxh4 15. gxh4 Nc6 16. b3 Nb4 17. Be2 Nbd5 18. Nxd5 Nxd5 19. Bb2 Bxh4 20. Rac1 Bd7 21. Ba3 Rfc8 22. Bb2 Rxc1 23. Rxc1 Rc8 24. Rxc8+ Bxc8 25. Kg2 b6 26. a3 Bb7 27. Kg1 Bf6 28. Bxf6 Nxf6 29. b4 Nd5 30. Bf3 Bc6 31. Bxd5 Bxd5 32. Kf1 Kf8 33. Ke2 Ke7 34. Kd3 f5 35. f4 Kf6 36. Kd4 h6 37. h4 Ba2 38. e4 fxe4 39. Kxe4 Bd5+ 40. Kd4 Kf5 41. Ke3 e5 42. fxe5 Kxe5 0-1